Vibration and sound / (Record no. 182901)
[ view plain ]
| 000 -LEADER | |
|---|---|
| fixed length control field | 00848 a2200217 4500 |
| 003 - CONTROL NUMBER IDENTIFIER | |
| control field | Nust |
| 005 - DATE AND TIME OF LATEST TRANSACTION | |
| control field | 20170207153253.0 |
| 010 ## - LIBRARY OF CONGRESS CONTROL NUMBER | |
| LC control number | 81068618 |
| 020 ## - INTERNATIONAL STANDARD BOOK NUMBER | |
| International Standard Book Number | 0883182874 (pbk.) |
| 040 ## - CATALOGING SOURCE | |
| Transcribing agency | Nust |
| 082 00 - DEWEY DECIMAL CLASSIFICATION NUMBER | |
| Classification number | 620.2 |
| 100 1# - MAIN ENTRY--PERSONAL NAME | |
| Personal name | Morse, Philip M. |
| 245 10 - TITLE STATEMENT | |
| Title | Vibration and sound / |
| Statement of responsibility, etc. | Philip M. Morse. |
| 250 ## - EDITION STATEMENT | |
| Edition statement | 2nd ed. |
| 260 ## - PUBLICATION, DISTRIBUTION, ETC. | |
| Place of publication, distribution, etc. | [New York] : |
| Name of publisher, distributor, etc. | American Institute of Physics for the Acoustical Society of America, |
| Date of publication, distribution, etc. | [1981] |
| 300 ## - PHYSICAL DESCRIPTION | |
| Extent | xix, 468 p. : |
| Other physical details | ill. ; |
| Dimensions | 23 cm. |
| 505 ## - FORMATTED CONTENTS NOTE | |
| Formatted contents note | Introductory (Page-1), The Simple Oscillator (Page-20), The Flexible String (Page-71), The Vibration Of Bars (Page-151), Membranes And Plates (Page-172), Plane Waves Of Sound (Page-217), The Radiation And Scattering Of Sound (Page-294), Standing Waves Of Sound (Page-381) |
| 538 ## - SYSTEM DETAILS NOTE | |
| System details note | Almirah No.29 Shelf No.4 |
| 650 #0 - SUBJECT ADDED ENTRY--TOPICAL TERM | |
| Topical term or geographic name entry element | Sound. |
| 650 #0 - SUBJECT ADDED ENTRY--TOPICAL TERM | |
| Topical term or geographic name entry element | Vibration. |
| 942 ## - ADDED ENTRY ELEMENTS (KOHA) | |
| Source of classification or shelving scheme | |
| Koha item type | Book |
| Withdrawn status | Lost status | Source of classification or shelving scheme | Damaged status | Not for loan | Collection code | Permanent Location | Current Location | Date acquired | Total Checkouts | Full call number | Barcode | Date last seen | Price effective from | Koha item type |
|---|---|---|---|---|---|---|---|---|---|---|---|---|---|---|
| Military College of Signals (MCS) | Military College of Signals (MCS) | 12/12/2016 | 620.2 MOR | MCS7254 | 12/08/2016 | 12/12/2016 | Book |
